000 00667cab a2200229 4500
001 WB3446-50
008 090401t1998 xxu||||| |||| 00| 0 eng d
035 _a(Sirsi) u90059
041 _aeng
245 _aWest Coast line in doubt
260 _c1998
350 _a0
490 _aObserver
_vBusiness 29 November 1998, 3(1)
520 _aRailtrack is considering shelving the planned £600m rebuild of the West Coast mainline, over fears that it is too expensive.
650 _aRAIL NETWORK
650 _aRAILTRACK
650 _aRAILWAYS
650 _aWEST COAST MAINLINE
690 _aTRANSPORT AND COMMUNICATIONS
942 _n0
948 _c01/12/1998
999 _c57036
_d57036